| 000 | 00528nam a2200157Ia 4500 | ||
|---|---|---|---|
| 005 | 20250410122608.0 | ||
| 008 | 231217s9999 xx 000 0 und d | ||
| 020 | _a9788177228793 | ||
| 082 | _a001.6424ORA MIT;1 R | ||
| 100 | _aMittal, Ashima. Kogent Learning Solutions. | ||
| 245 | 0 | _aOracle DBA : interview questions | |
| 260 |
_c2014 _bDream Tech Press _aNew Delhi |
||
| 300 | _avi, 174 | ||
| 650 | _aOCP,instructors,oracle,DBA,certification,:,advanced,oracle,certified,database,administration,techniques | ||
| 942 | _cAA | ||
| 999 |
_c198683 _d198683 |
||